[Event "5th Asia-ch"]
[Site "Hyderabad IND"]
[Date "2005.10.09"]
[Round "4"]
[White "Yogesh, Gore"]
[Black "Sharbaf, Mohsen"]
[Result "0-1"]
[WhiteElo "2316"]
[BlackElo "2387"]
[EventDate "2005.10.05"]
[PlyCount "60"]

1.a3 e5 2.d3 f5 3.g3 Nf6 4.Bg2 d5 5.c4 c6 6.Bg5 dxc4 7.Bxf6 Qxf6 8.dxc4 e4
9.Nc3 Be6 10.f3 exf3 11.Nxf3 Bxc4 12.Qc2 Nd7 13.O-O Nb6 14.Nh4 g6 15.Kh1 
Qe6 16.Na4 Be7 17.Nxb6 axb6 18.Nf3 O-O-O 19.Rfe1 Bb3 20.Qc1 Bd5 21.b4 Bf6 
22.Rb1 h5 23.b5 c5 24.a4 h4 25.a5 hxg3 26.axb6 Bxf3 27.exf3 Rxh2+ 28.Kg1 
Bd4+ 29.Kf1 Qa2 30.Re2 Qxe2+ 0-1

[Event "5th Asia-ch"]
[Site "Hyderabad IND"]
[Date "2005.10.09"]
[Round "4"]
[White "Prathamesh, Sunil Mokal"]
[Black "Palit, Somak"]
[Result "1-0"]
[WhiteElo "2362"]
[BlackElo "2312"]
[EventDate "2005.10.05"]
[PlyCount "105"]

1.e4 c5 2.Nf3 d6 3.d4 cxd4 4.Nxd4 Nf6 5.Nc3 Nc6 6.Be2 e5 7.Nf3 h6 8.O-O 
Be7 9.Re1 O-O 10.h3 Be6 11.Bf1 Qd7 12.b3 d5 13.exd5 Nxd5 14.Nxd5 Qxd5 15.
Bb2 Qxd1 16.Raxd1 f6 17.Nh4 Rfd8 18.Bd3 Bc5 19.a3 a5 20.Be4 Rac8 21.g4 b6 
22.Kg2 Nd4 23.Ng6 Kf7 24.Nh4 Nb5 25.a4 Nd4 26.Bxd4 Bxd4 27.f4 Bc3 28.f5 
Bd5 29.Bxd5+ Rxd5 30.Rxd5 Bxe1 31.Ng6 Rxc2+ 32.Kf3 Rd2 33.Rxd2 Bxd2 34.h4 
h5 35.gxh5 Bc1 36.Ke4 Kg8 37.Ne7+ Kh7 38.Nd5 Kh6 39.Nxb6 Bd2 40.Nd5 Kxh5 
41.Kd3 Be1 42.Ke2 Bg3 43.b4 axb4 44.Nxb4 e4 45.Ke3 Kxh4 46.a5 Bc7 47.a6 
Bb6+ 48.Kxe4 Kg5 49.Nd5 Ba7 50.Ne7 Bc5 51.Kd5 Bxe7 52.a7 Kxf5 53.a8=Q 1-0

[Event "5th Asia-ch"]
[Site "Hyderabad IND"]
[Date "2005.10.09"]
[Round "4"]
[White "Saravanan, Venkat"]
[Black "Ramu, K."]
[Result "1-0"]
[WhiteElo "2347"]
[BlackElo "2259"]
[EventDate "2005.10.05"]
[PlyCount "73"]

1.e4 e5 2.Nf3 Nc6 3.Bb5 a6 4.Ba4 Nf6 5.O-O Be7 6.Re1 b5 7.Bb3 d6 8.c3 O-O 
9.d4 Nd7 10.a4 Na5 11.Ba2 Bb7 12.axb5 axb5 13.Na3 exd4 14.Nxd4 c6 15.Bf4 
Ne5 16.Nf5 Bc8 17.Nxe7+ Qxe7 18.Nc2 Bg4 19.f3 Be6 20.Nd4 Nb7 21.Nxe6 fxe6 
22.Bxe5 dxe5 23.Kh1 Rad8 24.Qe2 Nc5 25.Rad1 Kf7 26.g3 Rxd1 27.Rxd1 Rd8 28.
Rf1 Qd6 29.f4 Qd3 30.fxe5+ Ke8 31.Qf2 Kd7 32.Kg1 Nb7 33.Bxe6+ Kc7 34.Qa7 
Rd7 35.Bxd7 Qxe4 36.Bh3 Qe3+ 37.Qxe3 1-0

[Event "5th Asia-ch"]
[Site "Hyderabad IND"]
[Date "2005.10.10"]
[Round "5"]
[White "Poobesh Anand, Selvaraj"]
[Black "Lukey, Stephen"]
[Result "1-0"]
[WhiteElo "2397"]
[BlackElo "2286"]
[EventDate "2005.10.05"]
[PlyCount "139"]

1.b3 Nf6 2.Bb2 d5 3.Nf3 Bf5 4.e3 e6 5.d4 Nbd7 6.Be2 Bd6 7.Nh4 Bg6 8.Nd2 c6
9.Nxg6 hxg6 10.Nf3 Ne4 11.c3 g5 12.Bd3 f5 13.Qe2 g4 14.Bxe4 fxe4 15.Nd2 g3
16.fxg3 Bxg3+ 17.Kd1 Nf6 18.Kc2 Bd6 19.c4 Qe7 20.c5 Bc7 21.b4 Kd7 22.g3 
Qf7 23.Raf1 Qh5 24.Qxh5 Rxh5 25.g4 Rg5 26.h3 Rh8 27.Kd1 Ke7 28.Ke2 Rg6 29.
Bc3 Nd7 30.Kf2 Rgh6 31.Kg2 g5 32.Nb3 b6 33.cxb6 axb6 34.a4 Ra8 35.a5 Rhh8 
36.axb6 Bxb6 37.Na5 Rac8 38.Bb2 Rh6 39.Ba3 Kd8 40.Rf7 e5 41.Bb2 Bxa5 42.
bxa5 Rb8 43.Ba3 Rb3 44.Ra1 Rxe3 45.Bc1 Ke8 46.Bxe3 Kxf7 47.a6 Rh8 48.a7 
Ra8 49.dxe5 c5 50.Ra6 d4 51.e6+ Ke7 52.Bxg5+ Nf6 53.Ra5 c4 54.Rf5 Kxe6 55.
Rxf6+ Kd5 56.Ra6 c3 57.Kf2 Kc4 58.h4 Kd3 59.Bc1 Kc2 60.Ra1 Rxa7 61.Rxa7 
Kxc1 62.h5 Kd2 63.h6 c2 64.Ra1 e3+ 65.Kf3 e2 66.h7 e1=Q 67.Rxe1 Kxe1 68.
h8=Q c1=Q 69.Qh1+ Kd2 70.Qxc1+ 1-0

[Event "5th Asia-ch"]
[Site "Hyderabad IND"]
[Date "2005.10.10"]
[Round "5"]
[White "Ramakrishna, J."]
[Black "Yogesh, Gore"]
[Result "1/2-1/2"]
[WhiteElo "2294"]
[BlackElo "2316"]
[EventDate "2005.10.05"]
[PlyCount "109"]

1.e4 c5 2.Nf3 d6 3.d4 cxd4 4.Nxd4 Nf6 5.Nc3 a6 6.Bg5 e6 7.f4 Qc7 8.Qf3 Be7
9.O-O-O Nbd7 10.g4 b5 11.Bxf6 gxf6 12.Bd3 Bb7 13.Rhe1 Nc5 14.Kb1 O-O-O 15.
a3 Kb8 16.Qh3 Bf8 17.Qh5 Rc8 18.f5 e5 19.Nf3 d5 20.exd5 e4 21.Rxe4 Nxe4 
22.Nxe4 Bxd5 23.Qh3 Bxe4 24.Bxe4 Bc5 25.Bd3 Rhe8 26.Qf1 Re7 27.Nd2 Rce8 
28.Nb3 Bb6 29.h3 Qg3 30.Bxb5 axb5 31.Qxb5 Qc7 32.Rd3 Rc8 33.Ka2 Qc6 34.Qb4
Re4 35.Na5 Rxb4 36.Nxc6+ Rxc6 37.axb4 Kc7 38.Kb3 Rd6 39.Rxd6 Kxd6 40.c4 
Bf2 41.Ka4 Kc6 42.Ka5 Be1 43.Ka4 Bd2 44.Ka5 Be1 45.Ka4 Kb6 46.Kb3 Bd2 47.
Ka4 Kc6 48.Kb3 Be1 49.Ka3 Kb6 50.Ka4 Kc6 51.c5 Bd2 52.Ka5 Be1 53.Ka4 Bg3 
54.Ka5 Be1 55.Ka4 1/2-1/2

[Event "5th Asia-ch"]
[Site "Hyderabad IND"]
[Date "2005.10.10"]
[Round "5"]
[White "Singh, Rishipal"]
[Black "Gopal, Geetha Narayanan"]
[Result "0-1"]
[WhiteElo "2299"]
[BlackElo "2327"]
[EventDate "2005.10.05"]
[PlyCount "94"]

1.c4 e5 2.Nc3 Nf6 3.Nf3 Nc6 4.d4 exd4 5.Nxd4 Bb4 6.Bg5 h6 7.Bh4 Bxc3+ 8.
bxc3 O-O 9.f3 Re8 10.Bf2 Ne5 11.e4 d5 12.cxd5 Nxd5 13.Qb3 c5 14.O-O-O Qg5+
15.Kb1 Nb6 16.Nb5 Be6 17.Qa3 Nbc4 18.Qc1 Qe7 19.Be2 Red8 20.h3 a6 21.Na3 
Qc7 22.Bh4 f6 23.Bg3 Qa5 24.Bxc4 Nxc4 25.Nxc4 Bxc4 26.Qc2 Bd3 27.Rxd3 Qb5+
28.Kc1 Qxd3 29.Qxd3 Rxd3 30.Kc2 Rad8 31.Bf4 g5 32.Bc1 Kg7 33.Re1 Kf7 34.h4
c4 35.hxg5 hxg5 36.Rh1 Kg6 37.a4 R8d7 38.Re1 Re7 39.Ba3 Rh7 40.e5 Rh2 41.
e6 Rxg2+ 42.Kb1 Rd8 43.a5 Rgd2 44.e7 Re8 45.f4 gxf4 46.Re4 f3 47.Rxc4 f2 
0-1

[Event "5th Asia-ch"]
[Site "Hyderabad IND"]
[Date "2005.10.10"]
[Round "5"]
[White "Girinath, P. D. S."]
[Black "Konguvel, Ponnuswamy"]
[Result "0-1"]
[WhiteElo "2392"]
[BlackElo "2390"]
[EventDate "2005.10.05"]
[PlyCount "212"]

1.e4 c5 2.Nf3 d6 3.c3 Nf6 4.Bd3 Nc6 5.Bc2 Bg4 6.d3 e6 7.Nbd2 d5 8.h3 Bh5 
9.Qe2 Qc7 10.Ba4 O-O-O 11.Bxc6 Qxc6 12.g4 Bg6 13.Ne5 Qc7 14.Nxg6 hxg6 15.
e5 Nd7 16.f4 g5 17.Nf3 gxf4 18.Bxf4 Qa5 19.Ng5 Be7 20.O-O Rdf8 21.Kg2 Qd8 
22.Nf3 Rh7 23.c4 Nb8 24.d4 Rfh8 25.Rh1 Nc6 26.dxc5 g5 27.Bg3 Bxc5 28.Rad1 
d4 29.a3 a5 30.Qe4 Qb6 31.Rd2 Rg7 32.Bf2 Rd8 33.Rhd1 a4 34.Qc2 Qa6 35.Rd3 
Rd7 36.b3 axb3 37.Rxb3 Rg8 38.Qd3 Rgd8 39.Rdb1 b6 40.Bg3 Qa4 41.Be1 Qa8 
42.Kh2 Ra7 43.Qe4 Ra4 44.Bg3 Rxc4 45.Nxg5 Rd7 46.Rd3 Qa4 47.Rf1 Nd8 48.Rf2
Qa7 49.h4 Rc3 50.h5 Qxa3 51.Rfd2 Rxd3 52.Rxd3 Qc1 53.Qa8+ Kc7 54.Nf3 Qc2+ 
55.Rd2 Qh7 56.Qa7+ Nb7 57.Qa2 Qe4 58.Kg2 Qxg4 59.h6 Qg6 60.Qc2 d3 61.Qc4 
Qxh6 62.Rxd3 Rxd3 63.Qxd3 Qe3 64.Qa6 Qe4 65.Qf1 Na5 66.Kh2 Qf5 67.Qe2 Nc6 
68.Nh4 Qg5 69.Qf3 Qg7 70.Qh5 Nd4 71.Kh3 b5 72.Qd1 Qh7 73.Qf1 Kb6 74.Qf6 
Nc6 75.Kg2 Qe4+ 76.Kh3 Qh7 77.Kg2 Qh5 78.Nf3 Be3 79.Bf2 Bxf2 80.Kxf2 Qg6 
81.Qf4 Qf5 82.Qe3+ Kb7 83.Qc3 Qe4 84.Qc5 b4 85.Qf8 Qf4 86.Qc5 Kc7 87.Qd6+ 
Kb6 88.Qd3 Kc5 89.Qd6+ Kb6 90.Qd3 Qf5 91.Qe3+ Kc7 92.Kg3 Qc2 93.Qf4 Qg6+ 
94.Kh4 b3 95.Qd2 Qe4+ 96.Kg3 Qb4 97.Qb2 Kb6 98.Nd2 Nd4 99.Kf2 Kc6 100.Ne4 
Kd5 101.Nd6 Qc5 102.Ke1 Qb4+ 103.Kf2 Qc5 104.Ke1 Qc2 105.Qxc2 bxc2 106.Kd2
f5 0-1

[Event "5th Asia-ch"]
[Site "Hyderabad IND"]
[Date "2005.10.10"]
[Round "5"]
[White "Pg Mohd Omar, Ak Hira."]
[Black "Laxman, Rajaram"]
[Result "0-1"]
[WhiteElo "2194"]
[BlackElo "2404"]
[EventDate "2005.10.05"]
[PlyCount "122"]

1.e4 e5 2.Nf3 Nc6 3.d4 exd4 4.Nxd4 Nf6 5.Nc3 Bb4 6.Nxc6 bxc6 7.Bd3 d5 8.
exd5 cxd5 9.O-O O-O 10.Bg5 c6 11.Qf3 h6 12.Bxf6 Qxf6 13.Qxf6 gxf6 14.Ne2 
Rb8 15.Nd4 Bc5 16.Nxc6 Rxb2 17.Rfb1 Rxb1+ 18.Rxb1 Bd7 19.Nxa7 Ra8 20.Nb5 
d4 21.Nc7 Rxa2 22.Rb8+ Kg7 23.f3 Rxc2 24.Na6 Rc1+ 25.Kf2 Bf8 26.Rd8 Bc8 
27.Ke2 Rc3 28.Nb8 Be6 29.Na6 f5 30.Rxd4 Kf6 31.f4 Rc1 32.Nb4 Rh1 33.Nd5+ 
Kg6 34.Nc7 Bb3 35.Rd8 Bd1+ 36.Kd2 Bb4+ 37.Ke3 Bc5+ 38.Kd2 Bb3 39.Kc3 Ba4 
40.g4 Kg7 41.Bxf5 Be3 42.Ne8+ Kf8 43.Nf6+ Ke7 44.Rd3 Bc5 45.Rd5 Rc1+ 46.
Kb2 Rc4 47.Ne4 Bd4+ 48.Ka3 Bc2 49.Rd7+ Kf8 50.Rxf7+ Kg8 51.Ra7 Bxa7 52.
Be6+ Kg7 53.Bxc4 Bxe4 54.Be2 Bc5+ 55.Kb3 Bg6 56.h4 Be3 57.f5 Be8 58.Kc3 
Bf2 59.g5 h5 60.g6 Kh6 61.Bc4 Bxh4 0-1

[Event "5th Asia-ch"]
[Site "Hyderabad IND"]
[Date "2005.10.10"]
[Round "5"]
[White "Suvrajit, Saha"]
[Black "Simonenko, Sergei"]
[Result "0-1"]
[WhiteElo "2378"]
[BlackElo "2409"]
[EventDate "2005.10.05"]
[PlyCount "75"]

1.d4 d5 2.Nf3 Nf6 3.c4 dxc4 4.e3 e6 5.Bxc4 a6 6.O-O c5 7.Bb3 b5 8.a4 Bb7 
9.axb5 axb5 10.Rxa8 Bxa8 11.Na3 c4 12.Bc2 Bxa3 13.bxa3 Qd5 14.Bd2 O-O 15.
Qb1 Bc6 16.Bb4 Re8 17.Re1 Ne4 18.Ne5 f5 19.f3 Nf6 20.Bc5 Rc8 21.e4 fxe4 
22.fxe4 Qd8 23.Nxc6 Nxc6 24.Rd1 Ng4 25.Qc1 Qc7 26.g3 Qf7 27.Rf1 Qh5 28.Qd2
e5 29.d5 Nd4 30.d6 Rd8 31.Bd1 Qh6 32.Qxh6 Nxh6 33.a4 Nf7 34.axb5 Nxd6 35.
b6 Nb7 36.Be7 Ra8 37.Bg4 c3 38.Bb4 0-1

[Event "5th Asia-ch"]
[Site "Hyderabad IND"]
[Date "2005.10.10"]
[Round "5"]
[White "Visweswaran, Kameswaran"]
[Black "Harika, Dronavalli"]
[Result "0-1"]
[WhiteElo "2289"]
[BlackElo "2392"]
[EventDate "2005.10.05"]
[PlyCount "166"]

1.e4 c5 2.Nf3 g6 3.Nc3 Bg7 4.d4 cxd4 5.Nxd4 Nc6 6.Be3 Nf6 7.Bc4 O-O 8.Bb3 
a5 9.O-O d6 10.h3 Nxd4 11.Bxd4 Bd7 12.a4 Bc6 13.Qd3 Nd7 14.Bxg7 Kxg7 15.
Rad1 Kg8 16.Bd5 Rc8 17.Rfe1 Qb6 18.b3 Qc5 19.Qg3 Nb6 20.Rd3 Rc7 21.Bxc6 
bxc6 22.e5 d5 23.Qf4 e6 24.h4 Qb4 25.Qg5 Qe7 26.Qg3 f5 27.exf6 Rxf6 28.h5 
Rc8 29.hxg6 Rxg6 30.Qh3 Re8 31.Rde3 Rf6 32.Ne2 Nd7 33.Ng3 Qf7 34.R1e2 e5 
35.Nh5 Rf5 36.Ng3 Rf4 37.Nh5 Rg4 38.Rg3 Qe6 39.Ree3 Rxg3 40.Qxe6+ Rxe6 41.
Rxg3+ Rg6 42.Rf3 e4 43.Rf5 Rd6 44.Kf1 Re6 45.Ke2 Ne5 46.Nf4 Re7 47.Rf6 Rf7
48.Re6 Rxf4 49.Rxe5 Kf7 50.Ke3 Rg4 51.g3 Rg8 52.Kd4 Kf6 53.Rh5 Kg6 54.Rh2 
Rf8 55.Kc5 Rf3 56.Kxc6 d4 57.Kd5 d3 58.Kxe4 dxc2 59.Rh1 Rxf2 60.Kd3 h5 61.
Rc1 Rf3+ 62.Kc4 Rxg3 63.Rxc2 h4 64.Kd4 Rxb3 65.Rc6+ Kg7 66.Rc7+ Kf6 67.
Rc6+ Ke7 68.Rh6 Rb4+ 69.Kc5 Rxa4 70.Kb5 Rg4 71.Kxa5 Kf7 72.Kb6 Kg7 73.Rh5 
Kg6 74.Rh8 Kf5 75.Kc5 Ra4 76.Kb5 Re4 77.Kc5 Kg4 78.Kd5 Ra4 79.Rg8+ Kf3 80.
Rf8+ Kg3 81.Rg8+ Rg4 82.Rh8 h3 83.Rxh3+ Kxh3 0-1

[Event "5th Asia-ch"]
[Site "Hyderabad IND"]
[Date "2005.10.10"]
[Round "5"]
[White "Palit, Somak"]
[Black "Ramu, K."]
[Result "1-0"]
[WhiteElo "2312"]
[BlackElo "2259"]
[EventDate "2005.10.05"]
[PlyCount "55"]

1.e4 e5 2.Nf3 Nc6 3.c3 d6 4.Bc4 Be7 5.Qb3 Nh6 6.d4 Na5 7.Qa4+ c6 8.Be2 b5 
9.Qc2 Qc7 10.O-O O-O 11.Nbd2 Bd7 12.Rd1 Rad8 13.b4 Nb7 14.c4 Qb8 15.Nf1 f5
16.Bxh6 gxh6 17.exf5 bxc4 18.dxe5 d5 19.Ne3 Qc8 20.f6 Bxb4 21.Bxc4 Ba5 22.
Bd3 Rf7 23.Bf5 Re8 24.Bxd7 Qxd7 25.Nf5 Bb6 26.Nxh6+ Kh8 27.Ng5 Ref8 28.
Nhxf7+ 1-0

[Event "5th Asia-ch"]
[Site "Hyderabad IND"]
[Date "2005.10.10"]
[Round "5"]
[White "Rohit, Goginenni"]
[Black "Saravanan, Venkat"]
[Result "1-0"]
[WhiteElo "2401"]
[BlackElo "2347"]
[EventDate "2005.10.05"]
[PlyCount "57"]

1.e4 c5 2.Nf3 d6 3.d4 cxd4 4.Nxd4 Nf6 5.Nc3 a6 6.Be3 e5 7.Nb3 Be7 8.f3 Be6
9.Qd2 O-O 10.O-O-O Nbd7 11.g4 Qc7 12.Kb1 b5 13.g5 Nh5 14.Qf2 Rfb8 15.f4 
exf4 16.Bxf4 Nxf4 17.Qxf4 Nb6 18.h4 b4 19.Nd5 Bxd5 20.exd5 a5 21.Bd3 a4 
22.Nd4 a3 23.Bxh7+ Kxh7 24.Qxf7 Nxd5 25.Qxd5 Ra5 26.Qe4+ Kh8 27.Ne6 Qb7 
28.Qg6 Bf8 29.Rhf1 1-0

[Event "5th Asia-ch"]
[Site "Hyderabad IND"]
[Date "2005.10.10"]
[Round "5"]
[White "Sharbaf, Mohsen"]
[Black "Satyapragyan, Swayangsu"]
[Result "1/2-1/2"]
[WhiteElo "2387"]
[BlackElo "2411"]
[EventDate "2005.10.05"]
[PlyCount "92"]

1.d4 Nf6 2.Nc3 d5 3.Nf3 Bf5 4.Bf4 e6 5.e3 c6 6.Ne5 Qa5 7.g4 Bg6 8.Qd2 Bb4 
9.f3 Nfd7 10.Nd3 Na6 11.Nxb4 Nxb4 12.Rc1 Na6 13.a3 f6 14.Bd3 Bxd3 15.Qxd3 
O-O 16.Bg3 Qd8 17.O-O Nc7 18.Ne2 b5 19.b3 Nb6 20.Qc3 Qd7 21.Qa5 Ne8 22.Nf4
Nd6 23.Nd3 Nf7 24.Nc5 Qe7 25.Rce1 Ng5 26.Kg2 e5 27.f4 Ne6 28.Nxe6 Qxe6 29.
f5 Qe8 30.dxe5 fxe5 31.e4 g6 32.exd5 gxf5 33.Rxe5 Qg6 34.dxc6 f4 35.Qxb5 
h6 36.Qd3 Qxc6+ 37.Qe4 Qxe4+ 38.Rxe4 fxg3 39.Kxg3 Rad8 40.Rfe1 Nd5 41.c4 
Nf6 42.Re7 a5 43.R7e5 a4 44.b4 Rd4 45.c5 Rxg4+ 46.Kh3 Rg7 1/2-1/2

[Event "5th Asia-ch"]
[Site "Hyderabad IND"]
[Date "2005.10.10"]
[Round "5"]
[White "Gnusarev, Pavel"]
[Black "Prathamesh, Sunil Mokal"]
[Result "1-0"]
[WhiteElo "2426"]
[BlackElo "2362"]
[EventDate "2005.10.05"]
[PlyCount "85"]

1.d4 Nf6 2.c4 e6 3.g3 c5 4.Nf3 cxd4 5.Nxd4 a6 6.Bg2 Qc7 7.Nd2 Nc6 8.N2b3 
Ne5 9.Bf4 Nh5 10.Bxe5 Bb4+ 11.Kf1 Qxe5 12.e4 g6 13.f4 Qc7 14.c5 b6 15.e5 
Bb7 16.cxb6 Bxg2+ 17.Kxg2 Qxb6 18.Qf3 O-O 19.Rhd1 Rad8 20.Rac1 f6 21.exf6 
Nxf6 22.Ne2 Be7 23.Rd2 d5 24.Rdc2 e5 25.fxe5 Ne4 26.Nf4 Ng5 27.Qd3 Ne6 28.
Nxe6 Qxe6 29.Nd4 Qb6 30.Nc6 Bg5 31.Nxd8 Bxc1 32.Nc6 Bxb2 33.Ne7+ Kh8 34.
Nxd5 Qb7 35.Rc7 Qa8 36.e6 Re8 37.Qe4 Qd8 38.Rd7 Qg5 39.Nc7 Re7 40.h4 Qc5 
41.Rxe7 Qxe7 42.Nd5 Qe8 43.e7 1-0

[Event "5th Asia-ch"]
[Site "Hyderabad IND"]
[Date "2005.10.10"]
[Round "5"]
[White "Deepan Chakravarthy, Jeyakumar"]
[Black "Lim Yee Weng"]
[Result "1-0"]
[WhiteElo "2454"]
[BlackElo "2348"]
[EventDate "2005.10.05"]
[PlyCount "87"]

1.e4 c5 2.Nf3 d6 3.c3 Nf6 4.h3 Nbd7 5.Bd3 b6 6.O-O Bb7 7.Re1 Rc8 8.Bc2 Qc7
9.d3 g6 10.Nbd2 Bg7 11.Nf1 O-O 12.Ng3 b5 13.Be3 Rfe8 14.a4 a6 15.Qd2 e5 
16.Bh6 Qd8 17.Bxg7 Kxg7 18.axb5 axb5 19.d4 Ng8 20.Rad1 Rc7 21.dxe5 dxe5 
22.c4 Bc6 23.cxb5 Bxb5 24.Ne2 Qe7 25.Nc3 Bc6 26.Bb3 Nb6 27.Qe3 Rd7 28.Rxd7
Bxd7 29.Ra1 Rb8 30.Nd5 Nxd5 31.Bxd5 Nf6 32.Qc3 Nxd5 33.exd5 f6 34.Ra6 Be8 
35.Re6 Qd7 36.Nxe5 Qxd5 37.Re7+ Kg8 38.Ng4 Qd1+ 39.Re1 Qd4 40.Nxf6+ Kf7 
41.Qxd4 cxd4 42.Nxe8 Rxe8 43.Rxe8 Kxe8 44.Kf1 1-0

[Event "5th Asia-ch"]
[Site "Hyderabad IND"]
[Date "2005.10.10"]
[Round "5"]
[White "Bakre, Tejas"]
[Black "Singh, D. P."]
[Result "1/2-1/2"]
[WhiteElo "2484"]
[BlackElo "2368"]
[EventDate "2005.10.05"]
[PlyCount "56"]

1.e4 d5 2.exd5 Qxd5 3.Nc3 Qa5 4.d4 Nf6 5.Bd2 Qb6 6.Nf3 Bf5 7.Bc4 e6 8.Bb3 
Bd6 9.Qe2 Nbd7 10.O-O-O O-O 11.h3 c5 12.g4 Bg6 13.Be3 Rad8 14.Nh4 Ne4 15.
Nxe4 Bxe4 16.Rhe1 Bc6 17.d5 Bxd5 18.Bxd5 exd5 19.Rxd5 Nf6 20.Rdd1 Be5 21.
c3 Qa5 22.Rxd8 Rxd8 23.Bd2 Bc7 24.Kb1 Qa4 25.Be3 Qe4+ 26.Qc2 Qc4 27.Qb3 
Qd3+ 28.Qc2 Qc4 1/2-1/2

[Event "5th Asia-ch"]
[Site "Hyderabad IND"]
[Date "2005.10.10"]
[Round "5"]
[White "Ravi, Lanka"]
[Black "Xie, George Wendi"]
[Result "1-0"]
[WhiteElo "2419"]
[BlackElo "2340"]
[EventDate "2005.10.05"]
[PlyCount "87"]

1.d4 Nc6 2.g3 d5 3.Bg2 Bf5 4.Nf3 Nb4 5.Na3 e6 6.O-O Be7 7.Ne5 c6 8.c3 Na6 
9.e4 dxe4 10.Qh5 Bg6 11.Nxg6 fxg6 12.Qh3 Qd5 13.Nc2 Nf6 14.Ne3 Qd7 15.Ng4 
O-O 16.Ne5 Qc8 17.Bg5 Bd6 18.Rae1 c5 19.Nc4 Be7 20.Nd2 cxd4 21.cxd4 h6 22.
Bxf6 Bxf6 23.Bxe4 Bxd4 24.Qg4 Nc5 25.Bb1 Qd7 26.Nc4 Rf6 27.Bxg6 Raf8 28.
Re2 Qd5 29.b3 Nd7 30.Be4 Qc5 31.Kg2 b5 32.Nd2 Ne5 33.Qh5 Bxf2 34.Bb7 Qc7 
35.Be4 g6 36.Bxg6 Nxg6 37.Ne4 Qc6 38.Kh3 Nf4+ 39.gxf4 Rxf4 40.Qg6+ Kh8 41.
Qxh6+ Kg8 42.Qg6+ Kh8 43.Qh5+ Kg7 44.Rg1+ 1-0

[Event "5th Asia-ch"]
[Site "Hyderabad IND"]
[Date "2005.10.10"]
[Round "5"]
[White "Roktim, Bandyopadhyay"]
[Black "Venkatesh, M. R."]
[Result "1/2-1/2"]
[WhiteElo "2380"]
[BlackElo "2431"]
[EventDate "2005.10.05"]
[PlyCount "97"]

1.d4 Nf6 2.Nf3 e6 3.c4 b6 4.Nc3 Bb4 5.Bg5 Bb7 6.Nd2 h6 7.Bh4 c5 8.d5 Bxc3 
9.bxc3 d6 10.e4 e5 11.Bd3 Nbd7 12.Bc2 Qe7 13.Nf1 Kd8 14.Ne3 Kc7 15.f3 Rag8
16.Ba4 g5 17.Bf2 h5 18.Nf5 Qd8 19.Qb3 Ne8 20.Rb1 Ng7 21.Ne3 Qe7 22.Bb5 Ra8
23.a4 Rhb8 24.O-O Nf8 25.Bc6 Kc8 26.a5 Qc7 27.Qa4 Kd8 28.a6 Bxc6 29.dxc6 
Rc8 30.Rfd1 Ne8 31.Nf5 Qxc6 32.Qc2 Ne6 33.h4 Rc7 34.hxg5 Rd7 35.Bh4 Kc7 
36.Ne3 Kc8 37.Nd5 Nf8 38.Bf2 Ng6 39.g3 Nc7 40.Nf6 Rd8 41.Qa2 Ne6 42.Be3 h4
43.gxh4 Nxh4 44.Kf2 Kc7 45.Rh1 Rh8 46.Rh2 Ng6 47.Rbh1 Rxh2+ 48.Rxh2 Rh8 
49.Rh6 1/2-1/2

[Event "5th Asia-ch"]
[Site "Hyderabad IND"]
[Date "2005.10.10"]
[Round "5"]
[White "Barua, Dibyendu"]
[Black "Gupta, Abhijeet"]
[Result "1/2-1/2"]
[WhiteElo "2475"]
[BlackElo "2404"]
[EventDate "2005.10.05"]
[PlyCount "196"]

1.e4 c5 2.Nf3 d6 3.d4 cxd4 4.Nxd4 Nf6 5.Nc3 Nc6 6.Be2 e5 7.Nf3 h6 8.O-O 
Be7 9.h3 O-O 10.Re1 Be6 11.Bf1 Qa5 12.Bd2 Qd8 13.Na4 Nh7 14.c4 Ng5 15.Bxg5
hxg5 16.Nc3 g4 17.hxg4 Bxg4 18.Be2 Be6 19.Qd2 Qd7 20.Rad1 Rfd8 21.Qe3 Rac8
22.Rd2 Bf6 23.Nb5 Qe7 24.Red1 Nd4 25.Nbxd4 exd4 26.Nxd4 Bxc4 27.Nf5 Qe5 
28.f4 Qa5 29.Bxc4 Rxc4 30.Nxd6 Rc6 31.e5 Be7 32.Nf5 Rxd2 33.Nxe7+ Kf8 34.
Rxd2 Kxe7 35.a3 Qb6 36.Kf2 Ke6 37.Qxb6 Rxb6 38.Kf3 g5 39.fxg5 Kf5 40.b4 
Kxe5 41.Kg4 Rb5 42.Kh5 a5 43.bxa5 Rxa5 44.Rd3 Ke6 45.Re3+ Kd7 46.Kh6 Ra6+ 
47.Kg7 Rg6+ 48.Kxf7 Rxg5 49.Rd3+ Kc6 50.g3 b5 51.Kf6 Rg8 52.Kf5 Rf8+ 53.
Ke5 Re8+ 54.Kd4 Rd8+ 55.Ke3 Rg8 56.Kf3 Rf8+ 57.Kg2 Rg8 58.Rf3 Kc5 59.Rf5+ 
Kc6 60.Rf6+ Kc5 61.Ra6 Kc4 62.Ra5 Rg7 63.Ra8 Kb3 64.Rb8 Rg5 65.Ra8 Rg7 66.
Ra6 Rg8 67.Ra7 Kc4 68.Rf7 Kb3 69.Rf5 Ka4 70.Rf3 Rg7 71.Kf2 Rg8 72.Ke2 Ka5 
73.Ke3 Kb6 74.Kd4 Rd8+ 75.Kc3 Rg8 76.Kd2 Kc5 77.Ke1 Kc6 78.Kf2 Kc5 79.Rf5+
Kc6 80.Re5 Rf8+ 81.Kg2 Rg8 82.Re6+ Kc5 83.Rf6 Ra8 84.Rf5+ Kc6 85.Rf3 Rg8 
86.Rf6+ Kd5 87.Rb6 Kc4 88.Ra6 Kc5 89.Rf6 Ra8 90.Rf3 Rg8 91.Rb3 Kc6 92.Kf3 
Rf8+ 93.Ke4 Re8+ 94.Kd4 Rd8+ 95.Kc3 Rg8 96.Kb2 Kc5 97.Rf3 Kc6 98.Kc3 Kc5 
1/2-1/2

[Event "5th Asia-ch"]
[Site "Hyderabad IND"]
[Date "2005.10.10"]
[Round "5"]
[White "Kunte, Abhijit"]
[Black "Sareen, Vishal"]
[Result "1-0"]
[WhiteElo "2553"]
[BlackElo "2375"]
[EventDate "2005.10.05"]
[PlyCount "69"]

1.d4 d5 2.c4 c6 3.Nc3 Nf6 4.e3 a6 5.Nf3 b5 6.c5 g6 7.Ne5 Bg7 8.f4 Nfd7 9.
Nd3 O-O 10.a4 Bb7 11.Be2 f6 12.O-O e5 13.f5 Qe7 14.Kh1 Re8 15.b4 Nf8 16.
Qe1 Nbd7 17.Qh4 gxf5 18.Rxf5 Ng6 19.Qh5 Ndf8 20.axb5 axb5 21.Rxa8 Rxa8 22.
Rf1 Bc8 23.Bb2 Bd7 24.Bd1 Re8 25.Ne2 Ne6 26.Ng3 Ng5 27.Bg4 Ne4 28.Nf5 Bxf5
29.Bxf5 Nd2 30.Re1 Nc4 31.Bc3 Nf8 32.e4 dxe4 33.Bxe4 Qd7 34.dxe5 Ng6 35.
Nf4 1-0

[Event "5th Asia-ch"]
[Site "Hyderabad IND"]
[Date "2005.10.10"]
[Round "5"]
[White "Himanshu, Sharma"]
[Black "Wu Wenjin"]
[Result "1/2-1/2"]
[WhiteElo "2391"]
[BlackElo "2523"]
[EventDate "2005.10.05"]
[PlyCount "146"]

1.e4 e5 2.Nf3 Nc6 3.Bc4 Be7 4.O-O Nf6 5.d4 d6 6.Re1 O-O 7.h3 exd4 8.Nxd4 
Re8 9.Nc3 Bf8 10.Nxc6 bxc6 11.Bg5 h6 12.Bh4 Be6 13.Qd3 g5 14.Bg3 Bg7 15.
Bxe6 Rxe6 16.Rad1 Qb8 17.e5 dxe5 18.Rxe5 Rd6 19.Qc4 Rxd1+ 20.Nxd1 Nd5 21.
Re2 Qb5 22.Qg4 f5 23.c4 fxg4 24.cxb5 cxb5 25.hxg4 c6 26.Kf1 Rd8 27.Ne3 
Nxe3+ 28.fxe3 Rd1+ 29.Kf2 c5 30.b3 Kf7 31.Rc2 Bf8 32.Bb8 Rd7 33.Kf3 Ke6 
34.Ke4 a6 35.g3 Rb7 36.Be5 Rf7 37.Rd2 Be7 38.Rh2 Rh7 39.a4 Bd6 40.Bxd6 
Kxd6 41.axb5 axb5 42.Ra2 Re7+ 43.Kd3 Ke5 44.Ra5 Rd7+ 45.Ke2 Rb7 46.Ra6 c4 
47.bxc4 bxc4 48.Rxh6 Ke4 49.Re6+ Kd5 50.Rg6 Rb2+ 51.Kd1 Ke4 52.Rxg5 Rg2 
53.Kc1 Kd3 54.Rd5+ Kc3 55.Kd1 Rxg3 56.g5 Rxe3 57.g6 Rg3 58.Rd6 Rg2 59.Rc6 
Rd2+ 60.Kc1 Rd4 61.Rf6 Rg4 62.Rf3+ Kb4 63.Rf6 Kb3 64.Rb6+ Kc3 65.Kd1 Rd4+ 
66.Kc1 Rg4 67.Kd1 Rg1+ 68.Ke2 Kd4 69.Rd6+ Kc5 70.Rf6 Kb4 71.Rb6+ Kc3 72.
Kf2 Rg5 73.Ke3 Kc2 1/2-1/2

[Event "5th Asia-ch"]
[Site "Hyderabad IND"]
[Date "2005.10.10"]
[Round "5"]
[White "Annaberdiev, Meilis"]
[Black "Nguyen Anh Dung"]
[Result "1/2-1/2"]
[WhiteElo "2421"]
[BlackElo "2551"]
[EventDate "2005.10.05"]
[PlyCount "59"]

1.d4 Nf6 2.Nf3 e6 3.Bg5 h6 4.Bh4 b6 5.Nbd2 Bb7 6.e3 Be7 7.Bd3 O-O 8.O-O c5
9.c3 d6 10.e4 Nbd7 11.Qe2 Nh5 12.Bxe7 Qxe7 13.g3 Rfd8 14.Rfe1 Rac8 15.Rac1
Nhf6 16.Ba6 Bxa6 17.Qxa6 Nb8 18.Qe2 d5 19.exd5 Nxd5 20.c4 Nc7 21.dxc5 Qxc5
22.Ne4 Qe7 23.Ne5 Nca6 24.Rcd1 Nb4 25.a3 N4c6 26.Nf3 Rc7 27.Rxd8+ Qxd8 28.
Rd1 Rd7 29.Rxd7 Qxd7 30.Qd2 1/2-1/2

[Event "5th Asia-ch"]
[Site "Hyderabad IND"]
[Date "2005.10.10"]
[Round "5"]
[White "Wang Rui"]
[Black "Sandipan, Chanda"]
[Result "1/2-1/2"]
[WhiteElo "2474"]
[BlackElo "2560"]
[EventDate "2005.10.05"]
[PlyCount "222"]

1.d4 Nf6 2.c4 e6 3.Nf3 b6 4.g3 Ba6 5.Qa4 Bb7 6.Bg2 c5 7.dxc5 Bxc5 8.O-O 
O-O 9.Nc3 Be7 10.Bf4 Na6 11.Rad1 Nc5 12.Qc2 Nce4 13.Ne5 Nxc3 14.Bxb7 Nxd1 
15.Rxd1 Rb8 16.Nc6 dxc6 17.Rxd8 Rbxd8 18.Bxc6 Bd6 19.Bg5 Rc8 20.Qa4 Rc7 
21.Bxf6 gxf6 22.Be4 Be5 23.b3 Rd8 24.Bd3 Kg7 25.Qb4 Rd4 26.Qd2 Rcd7 27.Qe3
a5 28.Kg2 Bc7 29.h3 Bd8 30.Qf3 Be7 31.Qh5 h6 32.Qb5 Rb7 33.Qc6 Rdd7 34.g4 
Bc5 35.Qe4 Rxd3 36.Qxd3 Rc7 37.Qd2 Rc6 38.Qb2 e5 39.e3 Rc8 40.Kf3 Be7 41.
Ke4 Rd8 42.h4 Kg6 43.Qc2 Kg7 44.Kf3 Rd6 45.c5 Rc6 46.Qe4 Rxc5 47.Qb7 Bd8 
48.Qd7 Bc7 49.a3 Rc3 50.Ke4 Rc5 51.Kf5 Rc2 52.f3 Rc3 53.Ke4 Rc5 54.b4 axb4
55.axb4 Rc4+ 56.Kf5 Rc3 57.b5 Rc5 58.h5 e4+ 59.Kxe4 Rc4+ 60.Kd3 Rc5 61.f4 
Bb8 62.Kd4 Bc7 63.Qe7 Bb8 64.Qd7 Bc7 65.Qe8 Bd6 66.Qd8 Bc7 67.Qd7 Rc1 68.
Qe7 Bd6 69.Qd8 Bc7 70.Qe8 Rc5 71.Qe7 Bb8 72.Ke4 Rc4+ 73.Kf3 Rc5 74.g5 fxg5
75.fxg5 Rxg5 76.Qd8 Rxb5 77.Qxb8 Rxh5 78.Qxb6 Rg5 79.Qb2+ Kg8 80.Kf4 Rg6 
81.e4 Re6 82.Qb8+ Kg7 83.Qd8 Rg6 84.e5 Re6 85.Kf5 Rg6 86.Ke4 Re6 87.Kd5 
Rg6 88.Qd6 Re6 89.Kc6 Rg6 90.Kd7 Re6 91.Qd4 Kh7 92.Qc3 Kg7 93.Qb2 Kh7 94.
Qb8 Kg7 95.Qb2 Kh7 96.Qf2 Kg7 97.Qe3 Rg6 98.Qf3 Re6 99.Qc3 Kh7 100.Qg3 Rg6
101.Qf4 Kg7 102.Qe4 Re6 103.Qf5 Rg6 104.Qh3 Re6 105.Qg4+ Rg6 106.Qf5 Re6 
107.Qxe6 fxe6 108.Kxe6 h5 109.Kd7 h4 110.e6 h3 111.e7 h2 1/2-1/2

[Event "5th Asia-ch"]
[Site "Hyderabad IND"]
[Date "2005.10.10"]
[Round "5"]
[White "Ganguly, Surya Shekhar"]
[Black "Gonzales, Jayson"]
[Result "1-0"]
[WhiteElo "2562"]
[BlackElo "2464"]
[EventDate "2005.10.05"]
[PlyCount "59"]

1.e4 Nc6 2.d4 d6 3.Nc3 Nf6 4.Nge2 e6 5.g3 d5 6.e5 Nd7 7.Nf4 Ne7 8.Nce2 c5 
9.c3 Nc6 10.Bh3 cxd4 11.cxd4 Bb4+ 12.Bd2 Qa5 13.Bc3 Qb6 14.O-O Be7 15.Qd2 
a5 16.Bxe6 fxe6 17.Nxe6 Bf8 18.Qg5 g6 19.N2f4 Ne7 20.Rac1 h6 21.Qh4 Rg8 
22.Bd2 Nf5 23.Qh3 Nxe5 24.Nc7+ Qxc7 25.Rxc7 Nf3+ 26.Kh1 Nxd2 27.Rfc1 Kd8 
28.Rxc8+ Rxc8 29.Rxc8+ Kxc8 30.Nxg6 1-0